000 00767nam a2200265Ia 4500
003 OSt
005 20220918171715.0
006 a|||||r|||| 00| 0
007 ta
008 220917b |||||||| |||| 00| 0 eng d
020 _a9788132100850 (pbk)
_c295
024 _a245,020
037 _b21, 28/12/2010, Aviva Book Company
_cTextual
040 _aARTS
_cARTS
_beng
041 _2eng
_aeng
082 _aS:524, P9
100 _aBhave Swati Y.
_938362
245 0 _aAnger management
260 _aLos Angeles
_b Sage
_c2009
300 _axviii,190p.
_ccm.
650 _aPSYCHOLOGY
700 _a Saini Sunil
_938363
942 _hS:524, P9
_cTEXL
_2CC
999 _c140993
_d140993